| 000 | 00505cam a22001934a 4500 | ||
|---|---|---|---|
| 005 | 20250605164302.0 | ||
| 008 | 250528s ||||||||||||||||||||||||d | ||
| 035 | _a22102 | ||
| 020 | _a9781446268605 | ||
| 040 |
_aGR-AtMCL _bgre _dGR-AtMCL _eAACR2 |
||
| 245 | 1 | _aEXPLORING CHILDREN'S LITERATURE / READING WITH PLEASURE AND PURPOSE | |
| 250 | _a3 | ||
| 260 |
_bSage Publications, _c2013 |
||
| 300 | _a271 | ||
| 700 | 1 |
_aGamble Nikki _97738 |
|
| 942 | _cBK | ||
| 999 |
_c7158 _d7158 |
||